[Event "Muensterland Verbandsklasse-A 1112"]
[Site "Germany"]
[Date "2011.10.08"]
[Round "2.5"]
[White "Tuente, Hans"]
[Black "Wolffgang, Georg"]
[Result "0-1"]
[WhiteElo "1594"]
[BlackElo "1792"]
[PlyCount "38"]
[EventDate "2011.09.17"]
[EventType "team-tourn"]
[EventRounds "9"]
[EventCountry "GER"]
[SourceTitle "EXT 2013"]
[Source "ChessBase"]
[SourceDate "2012.11.22"]
[SourceVersion "1"]
[SourceVersionDate "2012.11.22"]
[SourceQuality "1"]
[WhiteTeam "Bocholt II"]
[BlackTeam "Telgte"]
[WhiteTeamCountry "GER"]
[BlackTeamCountry "GER"]

1. d4 f5 2. e4 fxe4 3. Nc3 Nf6 4. f3 d5 5. Bg5 exf3 6. Nxf3 Bg4 7. h3 Bxf3 8. Qxf3 c6 9. Bd3 Nbd7 10. 0-0-0 Qc7 11. Bf5 e5 12. Bxf6 gxf6 13. Bxd7+ Qxd7 14. dxe5 Bh6+ 15. Kb1 0-0 16. exf6 Bg7 17. Nxd5 cxd5 18. Rxd5 Qe6 19. Rg5 Qxf6 0-1